000 00360 a2200121 4500
001 ART_49849
005 20260410161843.0
008 260409a
245 1 0 _aCódigo Civil y Comercial de la Nación
100 1 _aTorres, Ismael F.
700 1 _aFuria de Torres, Lilian Alicia G.
773 0 _tRAP
_g- Año 41, Nº 481 (oct. 2018)
_wREV5941
999 _c24275
_d24275